Logo CIB grande

DIGITAL IMAGE PROCESSING AND ANALYSIS: APPLICATIONS WITH MATLAB AND CVIPTOOLS (Registro nro. 237250)

Detalles MARC
000 -LEADER
campo de control de longitud fija 00639nam a2200217Ia 4500
005 - FECHA Y HORA DE LA ÚLTIMA TRANSACCIÓN
campo de control 20250425162827.0
008 - DATOS DE LONGITUD FIJA--INFORMACIÓN GENERAL
campo de control de longitud fija 250425s9999 xx 000 0 und d
020 ## - NÚMERO INTERNACIONAL ESTÁNDAR DEL LIBRO
Número Internacional Estándar del Libro 9781498766029
041 ## - CÓDIGO DE IDIOMA
Código de lengua del texto/banda sonora o título independiente eng
082 ## - NÚMERO DE LA CLASIFICACIÓN DECIMAL DEWEY
Número de clasificación 006.37
Iniciales del Autor UMB
010 ## - NÚMERO DE CONTROL DE LA BIBLIOTECA DEL CONGRESO
Número de control de LC 110558
100 ## - ENTRADA PRINCIPAL--NOMBRE DE PERSONA
Nombre de persona UMBAUGH, SCOTT E.
245 #0 - MENCIÓN DEL TÍTULO
Título DIGITAL IMAGE PROCESSING AND ANALYSIS: APPLICATIONS WITH MATLAB AND CVIPTOOLS
250 ## - MENCION DE EDICION
Mención de edición 3RD. ED.
264 ## - PRODUCCIÓN, PUBLICACIÓN, DISTRIBUCIÓN, FABRICACIÓN Y COPYRIGHT
Producción, publicación, distribución, fabricación y copyright Estados Unidos, BOCA RATON
Nombre del de productor, editor, distribuidor, fabricante CRC PRESS
Fecha de producción, publicación, distribución, fabricación o copyright 2018.
300 ## - DESCRIPCIÓN FÍSICA
Extensión 873
650 ## - PUNTO DE ACCESO ADICIONAL DE MATERIA--TÉRMINO DE MATERIA
Término de materia o nombre geográfico como elemento de entrada ANALISIS DE IMAGENES
650 ## - PUNTO DE ACCESO ADICIONAL DE MATERIA--TÉRMINO DE MATERIA
Término de materia o nombre geográfico como elemento de entrada PROCESAMIENTO DE IMAGEN-TECNICAS DIGITALES
650 ## - PUNTO DE ACCESO ADICIONAL DE MATERIA--TÉRMINO DE MATERIA
Término de materia o nombre geográfico como elemento de entrada TECNICAS DE VISION POR COMPUTADOR
942 ## - ELEMENTOS DE ENTRADA SECUNDARIOS (KOHA)
Tipo de ítem Koha Libros
Existencias
Estatus retirado Estado de pérdida Estado de daño No para préstamo Biblioteca de origen Biblioteca actual Ubicación en estantería Fecha de adquisición Coste, precio normal de compra Etiqueta RFID Total de préstamos Código de barras Copia número Tipo de ítem Koha
        CENTRO DE INFORMACIÓN BIBLIOTECARIA CENTRO DE INFORMACIÓN BIBLIOTECARIA   09/11/2019 145.00 0000000000000000034523   71316 1 Libros
        CENTRO DE INFORMACIÓN BIBLIOTECARIA CENTRO DE INFORMACIÓN BIBLIOTECARIA   09/11/2019 145.00 0000000000000000034524   71317 2 Libros

Copyright 2025 ESPOL. Todos los derechos reservados.